[Event "ROM-ch U08"]
[Site "Calimanesti"]
[Date "2018.03.29"]
[Round "3"]
[White "Talpa, David George"]
[Black "Ursu, Bogdan"]
[Result "0-1"]
[WhiteElo "1001"]
[BlackElo "1037"]
[PlyCount "29"]
[EventDate "2018.03.27"]
[EventType "swiss"]
[EventRounds "9"]
[EventCountry "ROU"]
[SourceTitle "CBM 183 Extra"]
[Source "ChessBase"]
[SourceDate "2018.04.19"]
[SourceVersion "1"]
[SourceVersionDate "2018.04.19"]
[SourceQuality "1"]

1. e4 e6 2. d4 d5 3. exd5 exd5 4. Nc3 Nf6 5. Nf3 Nc6 6. Bb5 Bb4 7. 0-0 0-0 8. Bg5 Bg4 9. h3 Be6 10. Ne5 Ne7 11. a3 Bd6 12. Qd3 a6 13. Ba4 b5 14. Bb3 Rb8 15. a4 0-1